000 00603nam a2200265Ia 4500
008 210210b2009 xxu||||| |||| 00| 0 eng d
041 _aeng
082 _a820.4 BRIA
100 _aBRIGHT (P S)
245 _aAdvanced essays for civil services IAS main Ed 32
250 _a
260 _aNew Delhi
_bBright Publication.,
_c2009
300 _aviii--328
650 _aservices
650 _amain
650 _aIAS
650 _afor
650 _aessays
650 _aEd
650 _acivil
650 _aAdvanced
650 _a32
690 _aIndian English Prose
906 _aSG05107
999 _c136487
_d136487